000
00285nam a2200121Ia 4500
008
240731s9999 xx 000 0 und d
022
_a
1469-9877
245
0
_a
Modern Italy
260
_b
Routledge
856
_u
https://www.tandfonline.com/loi/cmit20
942
_2
ddc
942
_c
TFEJ
999
_c
78597
_d
78597
945
_a
1
_b
Madushi Gamage
_c
1
_d
Madushi Gamage